01249nam a22003134a 4500001001200000003000800012006001900020007001500039008004100054010001700095020002800112040002100140035002100161050002500182082001600207100004300223245011300266260006300379300002500442504005100467533015200518650002100670650002700691655002900718700002800747710001700775856012600792999001700918ebr10067559CaPaEBRm u cr cn|||||||||021118s2002 ne a sb 001 0 eng  z 2002041336 z1402009925 (alk. paper) aCaPaEBRcCaPaEBR a(OCoLC)61457083814aQH343.7b.B37 2002eb04a577/.142211 aBashkin, V. N.q(Vladimir Nikolaevich)10aModern biogeochemistryh[electronic resource] /cVladimir N. Bashkin, in cooperation with Robert W. Howarth. aDordrecht ;aBoston :bKluwer Academic Publishers,cc2002. aviii, 561 p. :bill. aIncludes bibliographical references and index. aElectronic reproduction.bPalo Alto, Calif. :cebrary,d2013.nAvailable via World Wide Web.nAccess may be limited to ebrary affiliated libraries. 0aBiogeochemistry. 0aBiogeochemical cycles. 7aElectronic books.2local1 aHowarth, Robert Warren.2 aebrary, Inc.40uhttp://site.ebrary.com/lib/rucke/Doc?id=10067559zAn electronic book accessible through the World Wide Web; click to view c49217d49217